[Event "Levy mem"]
[Site "Denver USA"]
[Date "2003.09.18"]
[Round "1"]
[White "Kudrin,S"]
[Black "Anderson,R"]
[Result "1/2-1/2"]
[WhiteElo "2538"]
[BlackElo "2254"]

1.e4 c5 2.Nf3 d6 3.d4 cxd4 4.Nxd4 Nf6 5.Nc3 a6 6.Bc4 e6 7.Bb3 Nbd7 8.Bg5 Nc5
9.f4 Be7 10.Qf3 Qc7 11.O-O Nxb3 12.axb3 Bd7 13.Kh1 O-O 14.Qg3 Kh8 15.e5 Ng8
16.Rad1 f6 17.exf6 Bxf6 18.Rfe1 Rae8 19.Ne4 Bxd4 20.Rxd4 d5 21.Nc3 Bc8 22.h3 Ne7
23.Bxe7 Rxe7 24.Re5 Ref7 25.h4 h6 26.Qe3 Rf5 27.Rxf5 Rxf5 28.g4 Rf8 29.Kg2 Qf7
30.Kg3 h5 31.Qe5 hxg4 32.Nd1 Qf6 33.Nf2 Qxe5 34.fxe5 Rf3+ 35.Kg2 Re3 36.Rf4 g3
37.Ng4 Re2+ 38.Kxg3 Rxc2 39.Rf8+ Kh7 40.h5 Rc7 41.Kf4 d4 42.Nh2 Bd7 43.Nf3 Rc8
44.Rxc8 Bxc8 45.Nxd4 Kh6 46.Kg4 g6 47.hxg6 Kxg6 48.b4 Bd7 49.Kf4 Kf7 50.Kg5 Ke7
51.Nb3 Bc6 52.Nc5 Bd5 53.Kg6 Bf3 54.Na4 Bg2 55.Nc3 Bc6 56.Kg7 Be8 57.Ne2 Ba4
58.Nf4 Bb3 59.Ne2 Ba4 60.Nd4 Be8 61.b5 axb5 62.b4 Bc6 63.Kg8 Be8 64.Ne2 Bg6
65.Kg7 Bc2 66.Nf4 Bb3 67.Ng6+ Ke8 68.Kf6 Ba2 69.Nf4 Kd7 70.Nd3 b6 71.Nf4 Bb3
72.Kf7  1/2-1/2

[Event "34th NCC"]
[Site "Philadelphia USA"]
[Date "2003.11.29"]
[Round "3"]
[White "Kudrin,S"]
[Black "Sarkar,J"]
[Result "1/2-1/2"]
[WhiteElo "2542"]
[BlackElo "2369"]

1.e4 c5 2.Nf3 d6 3.d4 Nf6 4.Nc3 cxd4 5.Nxd4 a6 6.Bc4 e6 7.Bb3 Nbd7 8.Bg5 Nc5
9.f4 h6 10.Bh4 g5 11.fxg5 hxg5 12.Bxg5 Be7 13.Qf3 Nfxe4 14.Nxe4 Bxg5 15.O-O Rh7
16.Rad1 Nxe4 17.Qxe4 Rh4 18.Qf3 Rf4 19.Qh5 Qf6 20.Nf3 Bh6 21.Rxd6 Bd7 22.Re1 O-O-O
23.Qc5+ Kb8 24.Qe5 Kc8 25.Qc5+ Kb8 26.Qe5 Kc8 27.Re3 Bc6 28.Qxf6 Rxf6 29.Rxd8+ Kxd8
30.Rd3+ Kc7 31.Ne5 Rf5 32.Nxc6 Kxc6 33.h4 Bc1 34.Kh2 Bxb2 35.Rf3 Rxf3 36.gxf3 Kd6
37.Kg3 f5 38.Bc4 Ke5 39.h5 Bc1 40.a4 Bh6 41.Bb3  1/2-1/2

[Event "34th NCC"]
[Site "Philadelphia USA"]
[Date "2003.11.30"]
[Round "5"]
[White "Kudrin,S"]
[Black "Belorusov,M"]
[Result "0-1"]
[WhiteElo "2542"]
[BlackElo "2300"]

1.e4 e6 2.d4 d5 3.Nd2 dxe4 4.Nxe4 Nf6 5.Nxf6+ Qxf6 6.Nf3 h6 7.Bd3 c5 8.Be3 Nc6
9.O-O cxd4 10.Nxd4 Bd7 11.Nb5 Rc8 12.Nxa7 Nxa7 13.Bxa7 Qxb2 14.Be4 Qb4 15.Re1 Qa4
16.Bd4 Bc6 17.Bxc6+ Qxc6 18.Qh5 Be7 19.Qg4 Bf6 20.Bxf6 gxf6 21.Rab1 Kf8 22.Qh4 Rg8
23.Qxh6+ Ke7 24.g3 Rg5 25.Qh4 Rc5 26.Qb4 b5 27.Rb3 Ke8 28.Qf4 e5 29.Rf3 Ke7
30.h4 Qe6 31.Qb4 Qxa2 32.Rc3 Qa4 33.Qxc5+ Rxc5 34.Rxc5 Qb4 35.Rc7+ Kd6 36.c3 Qb3
37.Rc8 Kd7 38.Rb8 Kc7 39.Rf8 Qxc3 40.Rxf7+ Kd6 41.Re3 Qc1+ 42.Kg2 Ke6 43.Rf8 Ke7
44.Rb8 Qc7 45.Rh8 Qc6+ 46.Kh2 Qc2 47.Kg2 Qc6+ 48.Rf3 Kf7 49.Rb8 Kg6 50.g4 Kg7
51.Kg3 e4 52.Rf4 Qc3+ 53.Kg2 Qc7 54.Rxb5 Qxf4 55.Rb3 f5 56.gxf5 Qxh4 57.Rg3+ Kf6
58.Ra3 Kxf5 59.Rg3 Kf4 60.Rc3 Qg4+ 61.Rg3 Qd1 62.Ra3 Ke5 63.Rh3 Kd4 64.Re3 Qd3
65.Re1 Qd2 66.Kf1 Kd3 67.Ra1 Qb2 68.Rd1+ Kc2 69.Re1 Qb5+ 70.Kg2 Qd3 71.Re3 Qxe3
72.fxe3 Kd3 73.Kf2 Kd2  0-1

[Event "Lindsborg Open"]
[Site "Kansas USA"]
[Date "2003.12.19"]
[Round "2"]
[White "Khachiyan,M"]
[Black "Kudrin,S"]
[Result "1-0"]
[WhiteElo "2464"]
[BlackElo "2542"]

1.d4 Nf6 2.c4 g6 3.Nc3 d5 4.Bf4 Bg7 5.Nf3 O-O 6.e3 c5 7.dxc5 dxc4 8.Qxd8 Rxd8
9.Bxc4 Nbd7 10.Rd1 Rf8 11.b4 a5 12.a3 axb4 13.axb4 Ra3 14.Rc1 Nh5 15.Nd5 Nxf4
16.exf4 e6 17.Ne7+ Kh8 18.O-O Nb8 19.Nxc8 Rxc8 20.Ng5 Rc7 21.b5 h6 22.Ne4 Nd7
23.b6 Rc8 24.Bb5 Nb8 25.Nd6 Rf8 26.Nxb7 Rb3 27.Nd6 e5 28.c6 Nxc6 29.Rxc6 exf4
30.b7  1-0

[Event "Lindsborg Open"]
[Site "Kansas USA"]
[Date "2003.12.22"]
[Round "8"]
[White "Kudrin,S"]
[Black "Atalik,S"]
[Result "1/2-1/2"]
[WhiteElo "2542"]
[BlackElo "2570"]

1.e4 e6 2.d4 d5 3.Nd2 h6 4.c3 c5 5.exd5 Qxd5 6.Ngf3 cxd4 7.Nxd4 Nf6 8.N2f3 Bc5
9.Be2 Nc6 10.Nxc6 Qxc6 11.O-O Qc7 12.Bd3 O-O 13.Qe2 b6 14.Ne5 Bb7 15.Bf4 Bd6
16.Rad1 Rad8 17.Bg3 Qc5 18.Bb1 Bb8 19.Rfe1 Rxd1 20.Rxd1 Re8 21.c4 Qc8 22.b3 Rd8
23.Rxd8+ Qxd8 24.Qd3 Qxd3 25.Bxd3 Nh5 26.Nf3 Nxg3 27.hxg3 Bd6 28.Kf1 f5 29.Ke2 Kf7
30.Ne1 g5 31.Kf1 Kf6 32.Nc2 g4 33.Nd4 Be5 34.Ne2 h5 35.Bb1 Ke7 36.Nf4 Bxf4
37.gxf4 h4 38.g3 h3 39.Kg1 Bf3 40.Bd3 Kf6 41.b4 e5 42.Kh2 Bd1 43.c5 bxc5
44.bxc5 Bf3 45.Bc4 Bc6 46.a3 e4 47.Bb3 Ke7 48.Bc4 Kd7 49.Bb3 Kc7 50.Be6 e3
51.fxe3 Be4 52.Bb3 Kc6 53.Kg1 Kxc5 54.Kh2 a5 55.Kg1 Kb5 56.Kh2 a4 57.Be6 Bc2
58.Kg1 Kc5 59.Kh2 Kd6 60.Bc4 Be4 61.Kg1 Kc5 62.Be6 Bb1 63.Kh2 Bc2 64.Kg1 Kd6
65.Bc4 Bb3 66.Bd3 Be6 67.Bb5 Bd7 68.Bc4 Bc6 69.Kh2 Be4 70.Bb5 Bc2 71.Bc4 Kc5
72.Be6 Kd6 73.Bc4 Be4 74.Bb5 Bc6 75.Bd3 Bd7 76.Bc4 Kc5 77.Bf7 Kd6 78.Bc4 Be6
79.Bb5 Bb3 80.Bd3  1/2-1/2

[Event "Eastern Open"]
[Site "Washington USA"]
[Date "2003.12.27"]
[Round "3"]
[White "Kudrin,S"]
[Black "Rubenchik,R"]
[Result "1-0"]
[WhiteElo "2542"]
[BlackElo "2331"]

1.e4 c5 2.Nf3 d6 3.d4 cxd4 4.Nxd4 Nf6 5.Nc3 a6 6.a4 e6 7.g3 Nc6 8.Bg2 Bd7
9.O-O Rc8 10.Nb3 Na5 11.Nxa5 Qxa5 12.Bf4 Qc7 13.Re1 Bc6 14.Nd5 Bxd5 15.exd5 e5
16.a5 Be7 17.Be3 O-O 18.Bh3 Ra8 19.Bb6 Qc4 20.b3 Qxd5 21.Bg2 Qxd1 22.Raxd1 e4
23.Bxe4 Nxe4 24.Rxe4 Rfe8 25.Bc7 Bf8 26.Rxe8 Rxe8 27.Rd2 Re6 28.Kf1 f5 29.Rd4 Kf7
30.Rb4 d5 31.Rxb7 Re7 32.b4 Rd7 33.b5 axb5 34.a6 Bc5 35.Bb6  1-0

[Event "Eastern Open"]
[Site "Washington USA"]
[Date "2003.12.28"]
[Round "5"]
[White "Smetankin,S"]
[Black "Kudrin,S"]
[Result "1/2-1/2"]
[WhiteElo "2486"]
[BlackElo "2542"]

1.e4 c5 2.Nf3 g6 3.d4 cxd4 4.Nxd4 Bg7 5.Nb3 d6 6.Be2 Nf6 7.Nc3 O-O 8.O-O a6
9.a4 b6 10.Bf3 e5 11.Nd5 Nxd5 12.Qxd5 Ra7 13.Be3 Be6 14.Qd2 a5 15.Be2 Qc7
16.Rfd1 Rd8 17.Bb5 Bf8 18.f3 Nd7 19.Qf2 Rb7 20.Rac1 Be7 21.Nd2 d5 22.exd5 Bxd5
23.Nb1 Be6 24.Nc3 Nf6 25.Rxd8+  1/2-1/2

[Event "23rd NAO-OCF"]
[Site "Oklahoma USA"]
[Date "2004.09.03"]
[Round "1"]
[White "Kudrin,S"]
[Black "Steiner,T"]
[Result "1-0"]
[WhiteElo "2541"]
[BlackElo "2015"]

1.e4 c5 2.Nf3 d6 3.d4 cxd4 4.Nxd4 Nf6 5.Nc3 g6 6.Be3 Bg7 7.f3 O-O 8.Qd2 Nc6
9.Bc4 Bd7 10.O-O-O Rc8 11.Bb3 Ne5 12.Kb1 Nc4 13.Bxc4 Rxc4 14.g4 b5 15.b3 Rc8
16.Ndxb5 Qa5 17.a4 Rfe8 18.Bxa7 Nxg4 19.Nd5 Qxd2 20.Rxd2 Nf6 21.Bd4 Nxd5
22.exd5 Bxd4 23.Nxd4 e5 24.dxe6 fxe6 25.Re1 e5 26.Nb5 Bxb5 27.axb5 Rc3 28.Rxd6 Rxf3
29.b6 Rf7 30.c4  1-0

[Event "23rd NAO-OCF"]
[Site "Oklahoma USA"]
[Date "2004.09.05"]
[Round "5"]
[White "Kudrin,S"]
[Black "Galant,S"]
[Result "1-0"]
[WhiteElo "2541"]
[BlackElo "2211"]

1.e4 e6 2.d4 d5 3.Nd2 c5 4.exd5 exd5 5.Bb5+ Nc6 6.Ngf3 Bd6 7.dxc5 Bxc5 8.O-O Ne7
9.Nb3 Bd6 10.Re1 O-O 11.Bg5 Qc7 12.c3 Bg4 13.h3 Bh5 14.Bxe7 Nxe7 15.Be2 Rad8
16.Nfd4 Bxe2 17.Rxe2 Ng6 18.Nb5 Qb6 19.Nxd6 Rxd6 20.Qd2 Re6 21.Nd4 Rxe2 22.Nxe2 Re8
23.Rd1 h6 24.Ng3 Qb5 25.Qc1 Qc4 26.a3 Qb5 27.Nf5 Re5 28.Nd4 Qe8 29.g3 Qc8
30.Kg2 Rh5 31.Rh1 Re5 32.Qd2 Qe8 33.Rd1 Nf8 34.Qd3 Re4 35.Rd2 Nd7 36.Nf5 Re5
37.Qf3 Qe6 38.Ne3 Nf6 39.Rd4 Ne4 40.h4 f5 41.Nc2 Nf6 42.Rd2 g5 43.hxg5 hxg5
44.Nd4 Qd7 45.Re2 Rxe2 46.Qxe2 Kf7  1-0

[Event "US Amateur Team East"]
[Site "Parsippany USA"]
[Date "2005.03.20"]
[Round "4"]
[White "Kudrin,S"]
[Black "Berg,Geo"]
[Result "1/2-1/2"]
[WhiteElo "2534"]
[BlackElo "2158"]

1.e4 c5 2.Nf3 d6 3.d4 cxd4 4.Nxd4 Nf6 5.Nc3 a6 6.Bc4 e6 7.Bb3 b5 8.O-O Be7
9.Qf3 Qb6 10.Bg5 Nbd7 11.Rad1 O-O 12.Rfe1 Nc5 13.Qg3 Kh8 14.Qh4 Qb7 15.Re3 Ng8
16.Bxe7 Qxe7 17.Qg3 Bb7 18.a3 Nf6 19.Qh4 Nd5 20.Qxe7 Nxe7 21.Ba2 Rfd8 22.Nf3 Kg8
23.b4 Na4 24.Nxa4 bxa4 25.c4 Rac8 26.Ne1 Kf8 27.Nd3 Ng8 28.Nb2 Bc6 29.Bb1 Ke7
30.f3 Nf6 31.Red3 Ne8 32.Bc2 a5 33.R1d2 axb4 34.axb4 d5 35.exd5 exd5 36.c5 Rb8
37.Bxa4 Bxa4 38.Nxa4 Rxb4 39.Nc3 d4 40.Ne2 Rc8 41.Rc2 Rd8 42.g4 Nc7 43.f4 Nb5
44.Kf2 Kd7 45.Ng3 Kc6 46.g5 Kd5 47.Kf3 Rc4 48.Rcd2  1/2-1/2

[Event "US Amateur Team East"]
[Site "Parsippany USA"]
[Date "2005.03.21"]
[Round "5"]
[White "Kudrin,S"]
[Black "Schulien,C"]
[Result "1/2-1/2"]
[WhiteElo "2534"]
[BlackElo "2355"]

1.e4 e5 2.Nf3 Nc6 3.Bb5 a6 4.Ba4 Nf6 5.O-O Be7 6.Re1 b5 7.Bb3 d6 8.c3 O-O
9.h3 Na5 10.Bc2 c5 11.d4 Qc7 12.Nbd2 Rd8 13.d5 c4 14.Nf1 Nb7 15.Ng3 g6 16.Nh2 Bd7
17.f4 a5 18.Rf1 Nc5 19.Kh1 Be8 20.f5 b4 21.Bh6 b3 22.axb3 cxb3 23.Bb1 Rdb8
24.h4 a4 25.Ra3 Qd8 26.Qf3 Ra7 27.Bg5 Nfd7 28.f6 Bf8 29.Ng4 Nb6 30.h5 Nc4
31.Ra1 Nxb2 32.hxg6 fxg6 33.Qe2 Qc8 34.f7+ Rxf7 35.Rxf7 Bxf7 36.Nf6+ Kg7
37.Qxb2 h6 38.Qd2 hxg5 39.Qxg5 Be8 40.Nf5+ Kf7 41.Nh4 Kg7 42.Nh5+ Kh7 43.Nf6+ Kg7
44.Nh5+ Kh7 45.Nf6+  1/2-1/2

[Event "24th OCF NthAmOp"]
[Site "Stillwater USA"]
[Date "2005.05.28"]
[Round "3"]
[White "Kudrin,S"]
[Black "Movsisyan,M"]
[Result "1-0"]
[WhiteElo "2554"]
[BlackElo "2300"]

1.e4 e6 2.d4 d5 3.Nd2 Nf6 4.e5 Nfd7 5.Bd3 c5 6.c3 Nc6 7.Ne2 cxd4 8.cxd4 f6
9.exf6 Qxf6 10.Nf3 Bb4+ 11.Bd2 Bxd2+ 12.Qxd2 O-O 13.O-O e5 14.dxe5 Ndxe5
15.Nxe5 Nxe5 16.Nd4 Nc6 17.Nxc6 bxc6 18.Rac1 Bd7 19.Rc5 a5 20.b3 Qd8 21.Qc2 Qh4
22.g3 Qh3 23.Re1 Rf6 24.Bf1 Qg4 25.Bg2 Raf8 26.Re2 Qd4 27.h4 a4 28.bxa4 Bf5
29.Qc3 Qd1+ 30.Re1 Qxa4 31.Rxc6 Qxa2 32.Rxf6 Rxf6 33.Ra1 Qc4 34.Ra8+ Kf7
35.Ra7+ Kg8 36.Ra8+ Kf7 37.Qe5 Kg6 38.Qe8+ Kh6 39.Qe3+ Kg6 40.Qg5+ Kf7 41.Ra7+ Ke6
42.Qe3+  1-0

[Event "US Amateur Team East"]
[Site "Parsippany USA"]
[Date "2006.02.19"]
[Round "4"]
[White "Kudrin,S"]
[Black "Panchanathan,M"]
[Result "1-0"]
[WhiteElo "2554"]
[BlackElo "2494"]

1.e4 e5 2.Nf3 Nf6 3.Nxe5 d6 4.Nf3 Nxe4 5.d4 d5 6.Bd3 Be7 7.O-O Nc6 8.c4 Nf6
9.cxd5 Nb4 10.Bb5+ Bd7 11.Bc4 O-O 12.Nc3 Bg4 13.h3 Bh5 14.g4 Bg6 15.Ne5 Nbxd5
16.Re1 Nb6 17.Bb3 c5 18.Be3 c4 19.Nxc4 Nxc4 20.Bxc4 h5 21.Bb3 hxg4 22.hxg4 Rc8
23.f4 Ne4 24.Nd5 Bd6 25.Qf3 Qh4 26.Re2 Rfe8 27.Rf1 Ng3 28.Rh2 Qxh2+ 29.Kxh2 Nxf1+
30.Qxf1 Be4 31.Qb5 Rcd8 32.Kg3 b6 33.Kf2 Bb8 34.Nc3 Bb7 35.Qh5 Re7 36.g5 Bxf4
37.Bxf4 Rxd4  1-0

[Event "25th OCF NAO Open"]
[Site "Stillwater USA"]
[Date "2006.05.27"]
[Round "2"]
[White "Kudrin,S"]
[Black "Patton,T"]
[Result "1-0"]
[WhiteElo "2553"]
[BlackElo "2103"]

1.e4 e6 2.d4 d5 3.Nd2 Nf6 4.e5 Nfd7 5.Bd3 c5 6.c3 Nc6 7.Ne2 Qb6 8.Nf3 f6
9.exf6 Nxf6 10.O-O Bd6 11.Be3 c4 12.Bxc4 dxc4 13.d5 Qc7 14.dxc6 e5 15.cxb7 Bxb7
16.Qa4+ Ke7 17.Ng3 g6 18.Rfe1 Rhe8 19.Nd2 Rac8 20.Bg5 h6 21.Bxh6 e4 22.Bg5 Bxg3
23.hxg3 Kf7 24.Qxa7 Qc6 25.Nxc4 e3 26.Qxb7+ Qxb7 27.Nd6+ Kg8 28.Nxb7 exf2+
29.Kxf2 Ne4+ 30.Kg1 Nxg5 31.Nd6  1-0

[Event "25th OCF NAO Open"]
[Site "Stillwater USA"]
[Date "2006.05.27"]
[Round "3"]
[White "Gossell,T"]
[Black "Kudrin,S"]
[Result "0-1"]
[WhiteElo "2237"]
[BlackElo "2553"]

1.d4 Nf6 2.Bf4 b6 3.e3 Bb7 4.Nf3 c5 5.c3 e6 6.Bd3 Be7 7.h3 O-O 8.O-O Qc8
9.Re1 Be4 10.Qc2 Bxd3 11.Qxd3 cxd4 12.exd4 Qa6 13.Qxa6 Nxa6 14.Nbd2 Rfc8
15.Ne4 Nxe4 16.Rxe4 Nc7 17.Bxc7 Rxc7 18.d5 Bf6 19.Rd1 Kf8 20.dxe6 dxe6 21.Ne5 Ke8
22.f4 b5 23.Kf1 a5 24.Red4 g5 25.g3 gxf4 26.gxf4 Rc5 27.Re4 Rd8 28.Rxd8+ Bxd8
29.Nf3 Bc7 30.Nd4 Kd7 31.f5 exf5 32.Rh4 Ke7 33.Rxh7 b4 34.cxb4 axb4 35.Rh6 Bd6
36.a3 bxa3 37.bxa3 Rd5 38.Nc6+ Kd7 39.Nb4 Rd2 40.Ke1 Rh2 41.Rf6 f4 42.Nd5 Be5
43.Ra6 f3 44.Nf6+ Ke7 45.Ng4 Bg3+ 46.Kd1 Rh1+ 47.Kd2 f2 48.Ra7+ Kf8  0-1

[Event "25th OCF NAO Open"]
[Site "Stillwater USA"]
[Date "2006.05.28"]
[Round "4"]
[White "Kudrin,S"]
[Black "Fernandez,D USA"]
[Result "1/2-1/2"]
[WhiteElo "2553"]
[BlackElo "2434"]

1.e4 c5 2.Nf3 Nc6 3.d4 cxd4 4.Nxd4 Nf6 5.Nc3 e5 6.Ndb5 d6 7.Bg5 a6 8.Na3 b5
9.Nd5 Be7 10.Bxf6 Bxf6 11.c4 b4 12.Nc2 Rb8 13.b3 O-O 14.g3 Be6 15.h4 g6 16.Bh3 Bg7
17.Kf1 Rb7 18.h5 Bxd5 19.Qxd5 Qb6 20.hxg6 hxg6 21.Rd1 Nd4 22.Nxd4 exd4 23.Qg5 Qd8
24.Qg4 Rc7 25.f4 Rc5 26.Bg2 Re8  1/2-1/2

[Event "25th OCF NAO Open"]
[Site "Stillwater USA"]
[Date "2006.05.28"]
[Round "5"]
[White "Boskovic,D"]
[Black "Kudrin,S"]
[Result "1/2-1/2"]
[WhiteElo "2432"]
[BlackElo "2553"]

1.e4 c5 2.Nf3 d6 3.Bc4 Nf6 4.d3 g6 5.c3 Bg7 6.O-O O-O 7.Bb3 b6 8.Re1 Bb7
9.Nbd2 e5 10.Nf1 Nbd7 11.Ng3 Qc7 12.d4 cxd4 13.cxd4 exd4 14.Nxd4 d5 15.exd5 Nc5
16.Nb5 Qd7 17.Nc3 Nxb3 18.Qxb3 Bxd5 19.Nxd5 Qxd5 20.Bf4 Qxb3 21.axb3 Nd5
22.Be5 Rfe8 23.Bxg7 Rxe1+ 24.Rxe1 Kxg7 25.Rd1 Nf4 26.Ne4 Rc8 27.Nc3 Ne6 28.g3 Rd8
29.Rxd8 Nxd8 30.Kf1 Nc6 31.Ke2 Kf6 32.Kd3 Ke6  1/2-1/2

[Event "25th OCF NAO Open"]
[Site "Stillwater USA"]
[Date "2006.05.29"]
[Round "6"]
[White "Kudrin,S"]
[Black "Sirin,A"]
[Result "1/2-1/2"]
[WhiteElo "2553"]
[BlackElo "2070"]

1.e4 c5 2.Nf3 d6 3.d4 cxd4 4.Nxd4 Nf6 5.Nc3 g6 6.Be3 Bg7 7.f3 O-O 8.Qd2 Nc6
9.Bc4 Bd7 10.O-O-O Qa5 11.Bb3 Rfc8 12.g4 Ne5 13.h4 Nc4 14.Bxc4 Rxc4 15.h5 Rac8
16.Nb3 Qa6 17.hxg6 fxg6 18.Bh6 Bh8 19.e5 Ne8 20.Qg5 Kf7 21.Rhe1 e6 22.Kb1 b5
23.f4 Rxc3 24.bxc3 Rxc3 25.Rd2 d5 26.f5 exf5 27.e6+ Bxe6 28.gxf5 Rxb3+ 29.cxb3 Bxf5+
30.Kc1 Nf6 31.Qf4  1/2-1/2

[Event "National Open"]
[Site "Las Vegas USA"]
[Date "2006.06.17"]
[Round "3"]
[White "Saidy,A"]
[Black "Kudrin,S"]
[Result "1/2-1/2"]
[WhiteElo "2328"]
[BlackElo "2553"]

1.d4 Nf6 2.c4 g6 3.g3 Bg7 4.Bg2 d5 5.cxd5 Nxd5 6.Nc3 Nb6 7.Nf3 Nc6 8.e3 O-O
9.O-O Re8 10.b3 e5 11.Nxe5 Nxe5 12.dxe5 Bxe5 13.Bb2 Qe7 14.Qe2 c6 15.Rad1 a5
16.Ne4 Nd5 17.Bxe5 Qxe5 18.Qc4 Bf5 19.Rd4 Nb6 20.Qc5 Bxe4 21.Qxb6 Bxg2 22.Kxg2 Re7
23.Rfd1 Kg7 24.h4 Ra6 25.Qd8 Qc7 26.Qxc7 Rxc7 27.Rd7  1/2-1/2

[Event "National Open"]
[Site "Las Vegas USA"]
[Date "2006.06.17"]
[Round "4"]
[White "Kudrin,S"]
[Black "Khachiyan,M"]
[Result "1/2-1/2"]
[WhiteElo "2553"]
[BlackElo "2465"]

1.e4 e5 2.Nf3 Nc6 3.Bc4 Bc5 4.c3 Nf6 5.d3 d6 6.Nbd2 O-O 7.Bb3 a6 8.Nf1 d5
9.exd5 Nxd5 10.Ng3 h6 11.O-O Re8 12.Ne4 Be7 13.Re1 Be6 14.Ng3 Bc5 15.h3 Nf6
16.Ne4  1/2-1/2

[Event "National Open"]
[Site "Las Vegas USA"]
[Date "2006.06.18"]
[Round "5"]
[White "Vigorito,D"]
[Black "Kudrin,S"]
[Result "1/2-1/2"]
[WhiteElo "2373"]
[BlackElo "2553"]

1.d4 Nf6 2.c4 g6 3.Nc3 d5 4.Bf4 Bg7 5.e3 O-O 6.Rc1 dxc4 7.Bxc4 c5 8.dxc5 Qa5
9.Ne2 Nbd7 10.a3 Nh5 11.Bg5 Ne5 12.Bd5 Bf6 13.Bxf6 Nxf6 14.O-O Qxc5 15.Ne4 Qb6
16.Nxf6+ Qxf6 17.Qd4 a5 18.Ng3 Ng4 19.Rc7 Qxd4 20.exd4 e6 21.Bf3 Nf6 22.Rfc1 Rb8
23.Ne4 Nd5 24.R7c2 Rd8 25.h4 h6 26.Nd2 Ne7 27.Rc7 Kf8 28.Nc4 b6 29.Ne5 Rd6
30.Ra7 f6 31.Rcc7 fxe5 32.Rxe7 exd4 33.Rh7 Kg8 34.Rag7+ Kf8 35.Rc7 Kg8 36.Rcg7+ Kf8
37.h5 d3 38.hxg6 d2 39.Rf7+ Kg8 40.Rhg7+ Kh8 41.Rh7+ Kg8 42.Bd1 e5 43.Rhg7+ Kh8
44.Re7 Be6 45.Rh7+ Kg8 46.Rxh6 Rbd8 47.Rh5 a4 48.g7 Bf7 49.Rf5 Bb3 50.Rh5 Bf7
51.Rf5 Bb3 52.Rh5 Bf7  1/2-1/2

[Event "National Open"]
[Site "Las Vegas USA"]
[Date "2006.06.18"]
[Round "6"]
[White "Kudrin,S"]
[Black "Sharavdorj,D"]
[Result "1-0"]
[WhiteElo "2553"]
[BlackElo "2449"]

1.e4 c5 2.Nf3 d6 3.d4 cxd4 4.Nxd4 Nf6 5.Nc3 a6 6.a4 Nc6 7.Bc4 e6 8.O-O Be7
9.Be3 O-O 10.Kh1 Re8 11.Bb3 Qc7 12.Qe2 Bf8 13.f4 Nd7 14.Bg1 Nc5 15.Bc4 Bd7
16.Nxc6 Bxc6 17.f5 d5 18.fxe6 Rxe6 19.Nxd5 Qe5 20.Nc3 Rh6 21.Rxf7 Kh8 22.Bd5 Bd6
23.h3 Nxa4 24.Rxa4 Bxa4 25.Nxa4 Rf6 26.Rxf6 Qxf6 27.Nb6 Re8 28.Nc4 Bb8 29.Bxb7 Qf7  1-0

[Event "33rd Annual Eastern Open"]
[Site "Washington DC USA"]
[Date "2006.12.29"]
[Round "6"]
[White "Kudrin,S"]
[Black "Lu Yu Zhong"]
[Result "0-1"]
[WhiteElo "2532"]
[BlackElo "2091"]

1.e4 e5 2.Nf3 Nc6 3.Bc4 Bc5 4.c3 Nf6 5.d3 d6 6.O-O Bb6 7.Bb3 Be6 8.Nbd2 O-O
9.Re1 Bxb3 10.Qxb3 Re8 11.Nc4 Qd7 12.Bg5 Qe6 13.Bxf6 Qxf6 14.a4 Rab8 15.Qa3 a6
16.Nxb6 cxb6 17.Nd2 Qe7 18.Qb3 Qd7 19.Nf1 Nd8 20.Qa2 Qe6 21.Ne3 Nc6 22.Qb3  0-1

[Event "Eastern Class Championships"]
[Site "Sturbridge USA"]
[Date "2007.03.10"]
[Round "2"]
[White "Mac Intyre,P"]
[Black "Kudrin,S"]
[Result "1/2-1/2"]
[WhiteElo "2301"]
[BlackElo "2543"]

1.e4 c5 2.Nf3 d6 3.g3 Nc6 4.Bg2 g6 5.c3 Bg7 6.O-O e5 7.d3 Nge7 8.a3 O-O 9.b4 a6
10.Nbd2 h6 11.Rb1 b6 12.Bb2 cxb4 13.cxb4 f5 14.Rc1 Be6 15.exf5 gxf5 16.Nh4 d5
17.Ng6 Nxg6 18.Rxc6 Bf7 19.Qc2 f4 20.Rc7 Rc8  1/2-1/2

[Event "Eastern Class Championships"]
[Site "Sturbridge USA"]
[Date "2007.03.10"]
[Round "3"]
[White "Kudrin,S"]
[Black "Klegon,M"]
[Result "1-0"]
[WhiteElo "2543"]
[BlackElo "2145"]

1.e4 c6 2.d4 d5 3.Nc3 dxe4 4.Nxe4 Bf5 5.Ng3 Bg6 6.h4 h6 7.Nf3 Nd7 8.h5 Bh7
9.Bd3 Bxd3 10.Qxd3 Ngf6 11.Bf4 e6 12.O-O-O Nd5 13.Bd2 Nb4 14.Qb3 a5 15.Kb1 a4
16.Qe3 Nd5 17.Qe2 b5 18.Ne5 Nxe5 19.dxe5 Qb6 20.Rh4 O-O-O 21.c4 bxc4 22.Rxc4 a3
23.b3 Kb7 24.Rdc1 Rc8 25.Ne4 Qb5 26.Qf3 Rc7 27.Nc5+ Bxc5 28.Rxc5 Qa6 29.Ra5 Qb6
30.Rxa3 Qd4 31.Qe2 Ra8 32.Rxa8 Kxa8 33.Rc4 Qb6 34.Rg4 c5 35.Qc4 f6 36.exf6 Nxf6
37.Rh4 Qd6 38.Qe2 e5 39.Bc3 Re7 40.Rc4 Nd5 41.Bb2 Nb6 42.Re4 Nd7 43.f4  1-0

[Event "Eastern Class Championships"]
[Site "Sturbridge USA"]
[Date "2007.03.11"]
[Round "4"]
[White "Sammour Hasbun,J"]
[Black "Kudrin,S"]
[Result "1/2-1/2"]
[WhiteElo "2449"]
[BlackElo "2543"]

1.e4 c5 2.Nf3 d6 3.d4 cxd4 4.Nxd4 Nf6 5.Nc3 g6 6.Be3 a6 7.f3 b5 8.Qd2 Bb7
9.Bd3 Nbd7 10.O-O Bg7 11.a4 bxa4 12.Nxa4 d5 13.Bh6 O-O 14.Bxg7 Kxg7 15.exd5 Nxd5
16.c4 N5f6 17.c5  1/2-1/2

[Event "35th World Open"]
[Site "King of Prussia USA"]
[Date "2007.06.30"]
[Round "1"]
[White "Yap,N"]
[Black "Kudrin,S"]
[Result "0-1"]
[WhiteElo "2298"]
[BlackElo "2556"]

1.e4 c5 2.Nf3 d6 3.d4 cxd4 4.Nxd4 Nf6 5.Nc3 g6 6.Be3 a6 7.f3 b5 8.Qd2 Bb7
9.O-O-O Nbd7 10.g4 Ne5 11.Bd3 Rc8 12.Kb1 Bg7 13.h4 h5 14.gxh5 Nxh5 15.f4 Nc4
16.Bxc4 Rxc4 17.Rhg1 Nxf4 18.b3 Rxc3 19.Bxf4 Rc5 20.Qf2 Bxe4 21.Rd2 Qc8 22.Re1 d5
23.Bg5 Rc7 24.Rf1 f6 25.Re2 O-O 26.Bc1 e5 27.Nf3 Qf5 28.Ne1 Qxf2 29.Rfxf2 f5
30.Bg5 Bf6 31.Rh2 f4 32.Rh3 Bxg5 33.hxg5 Rh7  0-1

[Event "35th World Open"]
[Site "King of Prussia USA"]
[Date "2007.06.30"]
[Round "2"]
[White "Kudrin,S"]
[Black "Rensch,D"]
[Result "1-0"]
[WhiteElo "2556"]
[BlackElo "2382"]

1.e4 c5 2.Nf3 d6 3.d4 cxd4 4.Nxd4 Nf6 5.Nc3 a6 6.a4 e6 7.g3 Be7 8.Bg2 O-O
9.O-O Bd7 10.g4 Nc6 11.Nb3 d5 12.exd5 Nxd5 13.Nxd5 exd5 14.h3 Be6 15.Be3 Rc8
16.f4 d4 17.Nxd4 Bc5 18.c3 Re8 19.Bf2 Nxd4 20.Bxd4 Bc4 21.Rf2 Qe7 22.b3 Bxd4
23.cxd4 Be6 24.f5 Bd7 25.Bxb7 Rc3 26.Rf3 Qb4 27.Rb1 Rc7 28.Bd5 a5 29.Rd3 Qd6
30.Bg2 Bc8 31.Rc1 Ba6 32.Rd2 Rce7 33.Qf3 Re3 34.Qf2 Rxb3 35.Rdc2 Qd8 36.d5 h6
37.d6 Rb6 38.d7 Rf8 39.Rc8 Bxc8 40.dxc8=Q Qxc8 41.Rxc8 Rb1+ 42.Kh2 Rxc8 43.Qd2 Rb4
44.Qd7 Rbc4 45.Kg3 R4c7 46.Qd6 Rc5 47.Bd5 R5c7 48.Qg6 Kf8 49.Qb6 Rc5 50.Qd6+ Kg8
51.Kh4 Rc3 52.Qg6 Kh8 53.Qxf7  1-0

[Event "US Open"]
[Site "Cherry Hill USA"]
[Date "2007.07.31"]
[Round "3"]
[White "Balasubramanian,A"]
[Black "Kudrin,S"]
[Result "0-1"]
[WhiteElo "1899"]
[BlackElo "2543"]

1.g3 c5 2.Bg2 g6 3.d3 Bg7 4.c4 Nc6 5.Nc3 e6 6.e4 Nge7 7.Nge2 a6 8.Be3 Nd4
9.h4 h6 10.Qc1 Nec6 11.O-O d6 12.Rb1 Bd7 13.a3 a5 14.b3 Rb8 15.Bxd4 Nxd4
16.Nxd4 Bxd4 17.Nb5 Bxb5 18.cxb5 g5 19.hxg5 hxg5 20.Bf3 Qf6 21.Kg2 Kd7 22.Qd2 Rh2+
23.Kxh2 Qxf3 24.Qxg5 Rh8+ 25.Qh4 Rxh4+ 26.gxh4 Be5+ 27.Kg1 Qg4+  0-1

[Event "US Open"]
[Site "Cherry Hill USA"]
[Date "2007.08.02"]
[Round "6"]
[White "Kudrin,S"]
[Black "Mulyar,M"]
[Result "1-0"]
[WhiteElo "2543"]
[BlackElo "2373"]

1.e4 e5 2.Nf3 Nc6 3.Bc4 Nf6 4.d3 Bc5 5.c3 d6 6.O-O O-O 7.Bb3 a6 8.Re1 h6
9.Nbd2 Ba7 10.Nf1 Ne7 11.Ng3 Ng6 12.h3 Be6 13.d4 Re8 14.Bc2 c5 15.d5 Bd7
16.c4 b5 17.a4 Bb6 18.Bd2 Nh7 19.Nf5 Qf6 20.Nh2 Bxf5 21.exf5 Ngf8 22.Ng4 Qd8
23.axb5 axb5 24.Rxa8 Qxa8 25.f6 Nxf6 26.Nxf6+ gxf6 27.Qg4+  1-0

[Event "ch-Marshall CC"]
[Site "New York USA"]
[Date "2007.12.08"]
[Round "2"]
[White "Braylovsky,G"]
[Black "Kudrin,S"]
[Result "0-1"]
[WhiteElo "2336"]
[BlackElo "2563"]

1.e4 c5 2.Nf3 d6 3.d4 cxd4 4.Qxd4 Nc6 5.Bb5 Bd7 6.Bxc6 Bxc6 7.Nc3 Nf6 8.Bg5 e6
9.O-O-O Be7 10.Rhe1 h6 11.Bf4 O-O 12.Qd2 e5 13.Bxh6 gxh6 14.Qxh6 Nh7 15.h4 Bf6
16.g4 Bg7 17.Qe3 Re8 18.g5 Nf8 19.h5 Ne6 20.h6 Bh8 21.Nh4 Kh7 22.Rg1 Rg8
23.Qf3 Nf4 24.Qg4 Bd7 25.Nf5 Be6 26.Qh4 Rc8 27.Rxd6 Qc7 28.Rd2 Qa5 29.Rg3 b5
30.Ne7 Ng6 31.Nxg6 Rxg6 32.a3 Rc4 33.Qh1 b4 34.Nd5 bxa3 35.Rxa3 Ra4 36.Rxa4 Qxa4
37.Kb1 Rxg5 38.Nc3 Qa5 39.Rd1 Qc5 40.f3 a5 41.Qh4 Rg2 42.Qh1 Qf2 43.Rc1 Qxf3
44.Rf1 Qg4 45.b3 Rg3  0-1

[Event "ch-Marshall CC"]
[Site "New York USA"]
[Date "2007.12.15"]
[Round "7"]
[White "Pader,D"]
[Black "Kudrin,S"]
[Result "1/2-1/2"]
[WhiteElo "2234"]
[BlackElo "2563"]

1.c4 c5 2.g3 g6 3.Bg2 Bg7 4.Nc3 Nc6 5.e3 e5 6.Nge2 Nge7 7.O-O a6 8.d3 d6
9.b3 Rb8 10.Bb2 b5 11.Qd2 O-O 12.Rad1 Bd7 13.Nd5 Nxd5 14.cxd5 Ne7 15.e4 Qc8
16.f4 Bh6 17.Qc2 f6 18.Bc1 Kg7 19.fxe5 fxe5 20.Rxf8 Qxf8 21.Bxh6+ Kxh6 22.b4 Ng8
23.Rf1 Qe7 24.bxc5 dxc5 25.h3 Kg7 26.Kh2 Rc8 27.Ng1 Nh6 28.Nf3 Nf7 29.Qb2 a5
30.Rc1 h5 31.Qf2 b4 32.Nd2 Ba4 33.Bf3 Kh7 34.Nc4 Bb5 35.Ne3 Nd6 36.Qe2 Be8  1/2-1/2